Normal view
MARC view
Entry Topical Term
001 - CONTROL NUMBER
- control field: 727313
003 - CONTROL NUMBER IDENTIFIER
- control field: OSt
005 - DATE AND TIME OF LATEST TRANSACTION
- control field: 20241129110128.0
008 - FIXED-LENGTH DATA ELEMENTS
- fixed length control field: 241129|| aca||aabn | a|a d
040 ## - CATALOGING SOURCE
- Original cataloging agency: OSt
- Transcribing agency: OSt
150 ## - HEADING--TOPICAL TERM
- Topical term or geographic name entry element: Sanskrit LiteratureComputer Science
670 ## - SOURCE DATA FOUND
- Source citation: Work cat.: (OSt)1227417: Zaidi Nishat Ed.; Pue A Sean Ed. 727312, Literary cultures and digital humanities in India, 2023
